[Event "CZE-chT U18 Extraliga West 1819"]
[Site "Czech Republic"]
[Date "2018.12.08"]
[Round "5.6"]
[White "Rojt, Jiri"]
[Black "Papousek, Michal"]
[Result "0-1"]
[WhiteElo "1526"]
[BlackElo "1587"]
[PlyCount "104"]
[EventDate "2018.10.05"]
[EventType "team-tourn"]
[EventRounds "11"]
[EventCountry "CZE"]
[SourceTitle "EXT 2023"]
[Source "ChessBase"]
[SourceDate "2022.10.05"]
[SourceVersion "1"]
[SourceVersionDate "2022.10.05"]
[SourceQuality "1"]
[WhiteTeam "Liberec Desko (U18)"]
[BlackTeam "Novoborsky U18"]
[WhiteTeamCountry "CZE"]
[BlackTeamCountry "CZE"]

1. d4 Nf6 2. Bf4 g6 3. e3 Bg7 4. c4 0-0 5. Nc3 d6 6. h3 Nbd7 7. Nf3 c6 8. Be2 Re8 9. Bg3 a6 10. a4 Qa5 11. 0-0 e5 12. Qc2 Nb6 13. Ne4 Nxe4 14. Qxe4 Bf5 15. Qh4 exd4 16. Bxd6 Nd7 17. b4 Qd8 18. Qxd8 Raxd8 19. Ra3 Nf6 20. Bc5 d3 21. Bd1 Ne4 22. Bd4 Bxd4 23. Nxd4 Nd2 24. g4 Nxf1 25. gxf5 Nd2 26. fxg6 hxg6 27. Rxd3 Nxc4 28. Bb3 Ne5 29. Rd1 c5 30. bxc5 Nc6 31. Kg2 Nxd4 32. Rxd4 Rxd4 33. exd4 Re4 34. Bd5 Re7 35. Kg3 Kf8 36. a5 Rd7 37. Be4 Ke8 38. f4 Kd8 39. Kh4 Kc8 40. d5 Rc7 41. c6 bxc6 42. dxc6 Re7 43. Bd3 Kc7 44. Bxa6 Kxc6 45. Bd3 Re3 46. Bf1 Kd6 47. a6 Rf3 48. Bg2 Rxf4+ 49. Kg5 Rf5+ 50. Kh6 Ra5 51. Kg7 Ke7 52. Bb7 g5 0-1